| 000 | 00553 a2200205 4500 | ||
|---|---|---|---|
| 005 | 20260218121651.0 | ||
| 008 | 260218b |||||||| |||| 00| 0 eng d | ||
| 020 |
_a9789393585875 _cRs. 1895.00 |
||
| 040 | _aMAIN | ||
| 082 |
_a300.72 _bS41R |
||
| 100 | _aSamal, Minati | ||
| 245 | _aResearch methodology: Statistical tools | ||
| 260 |
_c2025 _aDelhi _bRights Publication |
||
| 300 | _avi, 247 | ||
| 650 | _aResearch | ||
| 650 | _aInterdisciplinary Research | ||
| 650 | _aQualitative Research | ||
| 650 | _aQuantitative Research | ||
| 942 | _cBK | ||
| 999 |
_c396803 _d396803 |
||